000 02000nam a22002177a 4500
005 20220329153401.0
008 220328b ||||| |||| 00| 0 eng d
020 _a9783527332687
040 _cAL
041 _aeng
082 _223
_a660.2995
_bCHOC
100 _aChorkendorff I
_926344
245 _aConcepts of Modern Catalysis and Kinetics
_bThird,Completely Revised and Enlarged Edition
260 _aGermany
_bWiley -VCH
_c2017
300 _axviii,505p.
_bPB
_c24.5x17cm.
365 _2General
_a6556
_b₹7667.63
_c
_d₹9830.30
_e22%
_f19/03/2022
520 _aIn the past 12 years since its publication, Concepts of Modern Catalysis and Kinetics has become a standard textbook for graduate students at universities worldwide. Emphasizing fundamentals from thermodynamics, physical chemistry, spectroscopy, solid state chemistry and quantum chemistry, it introduces catalysis from a molecular perspective, and stresses how it is interwoven with the field of reaction kinetics. The authors go on to explain how the world of reacting molecules is connected to the real world of industry, by discussing the various scales (nano - micro - macro) that play a role in catalysis. Reflecting the modern-day focus on energy supplies, this third edition devotes attention to such processes as gas-to-liquids, coal-to-liquids, biomass conversion and hydrogen production.From reviews of the prior editions:Overall, this is a valuable book that I will use in teaching undergraduates and postgraduates.'(Angewandte Chemie - I. E.)'...this excellent book is highly recommended to students at technical universities, but also entrants in chemical industry. Furthermore, this informative handbook is also a must for all professionals in the community.' (AFS)'I am imressed by the coverage of the book and it is a valuable addition to the catalysis literature and I highly recommend purchase'(Energy Sources)
650 _2Chemical engineering
700 _aNiemantsverdriet J.W
_926345
942 _2ddc
_cBK
999 _c222060
_d222060